| 000 | 00871cam a22002777a 4500 | ||
|---|---|---|---|
| 003 | CHAP | ||
| 005 | 20220329140433.0 | ||
| 008 | 971013s1972 r 00010 d | ||
| 010 | _a51925 | ||
| 011 | _a52897 | ||
| 035 | _a57047 | ||
| 040 | _cCHAP | ||
| 090 | _aFolleto 2648 | ||
| 100 | 0 | 0 |
_aTriplehorn, Charles A. _9115173 |
| 245 | 2 | _aA review of the genus Zopherus of the world (Coleoptera:Tenebrionidae) | |
| 260 |
_aWashington : _bSmithsonian Institution, _c1972 |
||
| 300 |
_a24 p. _b: ilus. |
||
| 490 | 0 |
_aSmithsonian contributions to zoology _v; 108 |
|
| 590 |
_aBATCH-UPD _b10 _c20130110 _lUCH01 _h0732 |
||
| 590 |
_aCONVERSION _b10 _c20130109 _lUCH01 _h1328 |
||
| 650 | 1 | 4 |
_aZopherus. _9124196 |
| 830 | 0 |
_aSmithsonian contributions to zoology _v; 108 _9107173 |
|
| 901 | _aBK | ||
| 942 | _cFOLL | ||
| 949 |
_aFolleto 2648 _bBC _cFOLL _d-124254 _eTS1 _i57047 _mD _si |
||
| 999 |
_c51925 _d51925 |
||